000 00543nam a22002057a 4500
003 LK-CoMWRAF
005 20231018084813.0
008 231018b1997 |||||||| |||| 00| 0 eng d
040 _aLK-CoMWRAF
_dLK-CoMWRAF
_eLK-CoMWRAF
041 _aeng
082 _a780.89
_bOLE
100 _aOleh
110 _aSaudara
111 _aSourjah, Mansour Aarifeen
245 _aMalay :
_bSongs & lyrics - Poems & pantuns
260 _bA Slumo publications,
_c1997
650 _aMalay--Songs & lyrics
650 _aMalay--Poems & pantuns
942 _cBK
999 _c3922
_d3922